Carregando...
Sea Trout
| Autor principal: | |
|---|---|
| Formato: | Printed Book |
| Publicado em: |
London
Osprey Publishing Limited
1974
|
| LEADER | 00410nam a22001337a 4500 | ||
|---|---|---|---|
| 020 | |a 0850452392 | ||
| 082 | |a 639.27 |b GAM/SE | ||
| 100 | |a Clive Gammon | ||
| 245 | |a Sea Trout | ||
| 260 | |a London |b Osprey Publishing Limited |c 1974 | ||
| 300 | |a 48p | ||
| 942 | |c BK | ||
| 999 | |c 26128 |d 26128 | ||
| 952 | |0 0 |1 0 |4 0 |6 639_270000000000000_GAM_SE |7 0 |8 REF |9 36772 |a KUFOS |b KUFOS |c CC |d 2017-12-19 |o 639.27 GAM/SE |p 02329 |r 2017-12-19 |w 2017-12-19 |y BK | ||